[Event "61st NED-ch"]
[Site "Leeuwarden NED"]
[Date "2005.09.06"]
[Round "1"]
[White "Ernst, Sipke"]
[Black "Stellwagen, Daniel"]
[Result "0-1"]
[WhiteElo "2099"]
[BlackElo "2384"]
[EventDate "2005.09.06"]
[PlyCount "128"]

1.d4 Nf6 2.c4 g6 3.Nc3 Bg7 4.e4 d6 5.Nf3 O-O 6.Be2 e5 7.Be3 Ng4 8.Bg5 f6 
9.Bh4 g5 10.Bg3 Nh6 11.h3 Nc6 12.dxe5 dxe5 13.Qxd8 Nxd8 14.Nd5 Ne6 15.h4 
g4 16.Nh2 Nd4 17.Nxc7 Rb8 18.Bd1 f5 19.exf5 Nhxf5 20.Nxg4 Nxg3 21.fxg3 e4 
22.Nd5 Bxg4 23.Bxg4 Nc2+ 24.Ke2 Nxa1 25.Rxa1 Kh8 26.Ke3 Bxb2 27.Rb1 Be5 
28.Kxe4 Bxg3 29.h5 Rf2 30.a4 b6 31.Bf3 Ra2 32.Nc3 Ra3 33.Kd4 Re8 34.Nb5 
Rxa4 35.Bc6 Bf2+ 36.Kd5 Rd8+ 37.Nd6 Ra2 38.Ke6 Re2+ 39.Ne4 Bc5 40.Bd5 Re8+
41.Kf5 Rf8+ 42.Ke6 Re8+ 43.Kf5 Rxg2 44.Nxc5 Rf2+ 45.Kg5 bxc5 46.Rb7 Re5+ 
47.Kg4 h6 48.Rxa7 Rg5+ 49.Kh3 Rxh5+ 50.Kg3 Rd2 51.Rc7 Rg5+ 52.Kh3 Rd3+ 53.
Kh4 Rd4+ 54.Kh3 Re5 55.Kg3 Re3+ 56.Kf2 Ra3 57.Rxc5 Rd2+ 58.Ke1 Rb2 59.Rc8+
Kg7 60.Ra8 Rxa8 61.Bxa8 Rc2 62.Bf3 Rxc4 63.Kf2 Kf6 64.Kg3 Ke5 0-1

[Event "61st NED-ch"]
[Site "Leeuwarden NED"]
[Date "2005.09.06"]
[Round "1"]
[White "Janssen, Ruud"]
[Black "l`Ami, Erwin"]
[Result "1/2-1/2"]
[WhiteElo "2207"]
[BlackElo "2344"]
[EventDate "2005.09.06"]
[PlyCount "37"]

1.d4 d5 2.c4 c6 3.Nc3 Nf6 4.e3 e6 5.Nf3 Nbd7 6.Qc2 Bd6 7.Be2 O-O 8.O-O Re8
9.Rd1 Qe7 10.e4 Nxe4 11.Nxe4 dxe4 12.Qxe4 e5 13.Bg5 f6 14.Be3 exd4 15.Qxe7
Bxe7 16.Nxd4 Ne5 17.h3 Bc5 18.Kf1 Nf7 19.Rac1 1/2-1/2

[Event "61st NED-ch"]
[Site "Leeuwarden NED"]
[Date "2005.09.06"]
[Round "1"]
[White "Nijboer, Friso"]
[Black "Van den Doel, Erik"]
[Result "1/2-1/2"]
[WhiteElo "2565"]
[BlackElo "2583"]
[EventDate "2005.09.06"]
[PlyCount "141"]

1.e4 e5 2.Nf3 Nc6 3.Bb5 Nf6 4.O-O Nxe4 5.d4 Nd6 6.Bxc6 dxc6 7.dxe5 Nf5 8.
Qxd8+ Kxd8 9.Nc3 Ke8 10.h3 Ne7 11.Ne4 Ng6 12.Nd4 Be7 13.f4 c5 14.Nb5 Kd7 
15.c4 Kc6 16.Nbc3 h5 17.b3 h4 18.Nd5 Bf5 19.Nxe7+ Nxe7 20.Nxc5 Kxc5 21.
Ba3+ Kc6 22.Bxe7 Kd7 23.Bc5 Ke6 24.Rad1 Rad8 25.Bf2 Rxd1 26.Rxd1 a6 27.Rd4
b6 28.Kf1 f6 29.exf6 gxf6 30.b4 Bb1 31.Bxh4 c5 32.bxc5 bxc5 33.f5+ Bxf5 
34.Rf4 Bd3+ 35.Ke1 f5 36.Kd2 Be4 37.g4 Ke5 38.Bg3 Rxh3 39.Rxf5+ Kd4 40.
Bf2+ Kxc4 41.Rxc5+ Kb4 42.Re5 Bb1 43.Re6 Bxa2 44.Rxa6 Bd5 45.g5 Rf3 46.Be3
Rg3 47.Bf4 Rd3+ 48.Ke1 Rd4 49.Bd2+ Kb5 50.Ra5+ Kb6 51.Ra3 Re4+ 52.Be3+ Kc7
53.Ke2 Re6 54.Kd3 Be4+ 55.Kd4 Kd7 56.Bf4 Ke8 57.Be5 Bg6 58.Ra7 Kf8 59.Bf6 
Bf7 60.Ra1 Bg6 61.Be5 Rb6 62.Kc5 Re6 63.Kd5 Bf7 64.Ke4 Bg6+ 65.Kf4 Kf7 66.
Bf6 Re4+ 67.Kf3 Re6 68.Ra7+ Kf8 69.Rg7 Bc2 70.Kg4 Re4+ 71.Kf3 1/2-1/2

[Event "61st NED-ch"]
[Site "Leeuwarden NED"]
[Date "2005.09.06"]
[Round "1"]
[White "Tiviakov, Sergei"]
[Black "Smeets, Jan"]
[Result "1/2-1/2"]
[WhiteElo "2599"]
[BlackElo "2312"]
[EventDate "2005.09.06"]
[PlyCount "41"]

1.e4 c5 2.c3 d5 3.exd5 Qxd5 4.d4 e6 5.Nf3 Nf6 6.Na3 Nc6 7.Be3 cxd4 8.Nb5 
Qd8 9.Nbxd4 Nd5 10.Nxc6 bxc6 11.Bd4 f6 12.Bc4 e5 13.Bxe5 fxe5 14.Nxe5 Qd6 
15.O-O Be6 16.Qh5+ g6 17.Nxg6 Nf6 18.Qe2 hxg6 19.Qxe6+ Qxe6 20.Bxe6 Kd8 
21.g3 1/2-1/2

[Event "61st NED-ch"]
[Site "Leeuwarden NED"]
[Date "2005.09.07"]
[Round "2"]
[White "l`Ami, Erwin"]
[Black "Nijboer, Friso"]
[Result "0-1"]
[WhiteElo "2344"]
[BlackElo "2565"]
[EventDate "2005.09.06"]
[PlyCount "78"]

1.e4 c5 2.Nf3 Nc6 3.d4 cxd4 4.Nxd4 Nf6 5.Nc3 d6 6.Bg5 Qb6 7.Nb3 e6 8.Qd2 
Be7 9.O-O-O O-O 10.f3 a6 11.h4 Rd8 12.Be3 Qc7 13.Qf2 Nd7 14.g4 b5 15.g5 
Nce5 16.Kb1 b4 17.Ne2 a5 18.Nbd4 Nc5 19.Bc1 a4 20.Ng3 Nc6 21.h5 Nxd4 22.
Qxd4 b3 23.Rh2 bxa2+ 24.Kxa2 Nb3 25.Qe3 d5 26.f4 d4 27.Qf3 e5 28.f5 Nxc1+ 
29.Rxc1 Bxg5 30.Rb1 h6 31.Bd3 Rd6 32.Qe2 Rc6 33.Nf1 Bd7 34.Bb5 Rc5 35.Bxd7
Qxd7 36.Rg2 Rac8 37.Rh2 Rxc2 38.Qxc2 Rxc2 39.Rxc2 Qb7 0-1

[Event "61st NED-ch"]
[Site "Leeuwarden NED"]
[Date "2005.09.07"]
[Round "2"]
[White "Stellwagen, Daniel"]
[Black "Janssen, Ruud"]
[Result "0-1"]
[WhiteElo "2384"]
[BlackElo "2207"]
[EventDate "2005.09.06"]
[PlyCount "74"]

1.e4 e5 2.Nf3 Nc6 3.Bb5 a6 4.Ba4 Nf6 5.O-O b5 6.Bb3 Bb7 7.d3 Be7 8.a4 O-O 
9.Re1 d6 10.Nbd2 Re8 11.c3 Na5 12.Ba2 c5 13.b4 cxb4 14.cxb4 Nc6 15.Qb3 d5 
16.exd5 Nxb4 17.d6 Bxd6 18.Qxf7+ Kh8 19.Ng5 Re7 20.Nde4 Bxe4 21.dxe4 h6 
22.Qb3 Nxa2 23.Nf7+ Rxf7 24.Qxf7 Nxc1 25.Raxc1 bxa4 26.Red1 Qe7 27.Qc4 Bb4
28.Qc6 Qe8 29.Qb7 Qb8 30.Qf7 Qe8 31.Qb7 Qb8 32.Qf7 Qf8 33.Qb7 Rb8 34.Qxa6 
Nxe4 35.Rf1 a3 36.Rc7 Bc5 37.Qc6 Qxf2+ 0-1

[Event "61st NED-ch"]
[Site "Leeuwarden NED"]
[Date "2005.09.07"]
[Round "2"]
[White "Van Wely, Loek"]
[Black "Smeets, Jan"]
[Result "1-0"]
[WhiteElo "2714"]
[BlackElo "2312"]
[EventDate "2005.09.06"]
[PlyCount "65"]

1.d4 d5 2.c4 c6 3.Nc3 Nf6 4.Nf3 e6 5.Bg5 dxc4 6.e4 b5 7.e5 h6 8.Bh4 g5 9.
Nxg5 hxg5 10.Bxg5 Nbd7 11.exf6 Bb7 12.g3 c5 13.d5 Qb6 14.Bg2 O-O-O 15.O-O 
b4 16.Rb1 Qa6 17.dxe6 Bxg2 18.e7 Bxf1 19.Qd5 Bh6 20.Bxh6 Bd3 21.Qa8+ Nb8 
22.exd8=Q+ Rxd8 23.Re1 bxc3 24.Bf4 Qb6 25.bxc3 Bf5 26.f3 Be6 27.g4 Bd5 28.
Qxb8+ Qxb8 29.Bxb8 Kxb8 30.Kf2 Kc7 31.h4 Rd6 32.Re7+ Rd7 33.h5 1-0

[Event "61st NED-ch"]
[Site "Leeuwarden NED"]
[Date "2005.09.07"]
[Round "2"]
[White "Van den Doel, Erik"]
[Black "Tiviakov, Sergei"]
[Result "1/2-1/2"]
[WhiteElo "2583"]
[BlackElo "2599"]
[EventDate "2005.09.06"]
[PlyCount "37"]

1.e4 d5 2.exd5 Qxd5 3.Nc3 Qd6 4.d4 Nf6 5.Nf3 a6 6.g3 Bg4 7.h3 Bh5 8.Bg2 
Nc6 9.O-O O-O-O 10.Be3 e5 11.dxe5 Nxe5 12.Nxe5 Bxd1 13.Nxf7 Bxc2 14.Nxd6+ 
Bxd6 15.Rac1 Bg6 16.Na4 Be4 17.Nb6+ Kb8 18.Nc4 Bxg2 19.Kxg2 1/2-1/2

[Event "61st NED-ch"]
[Site "Leeuwarden NED"]
[Date "2005.09.07"]
[Round "2"]
[White "Werle, Jan"]
[Black "Ernst, Sipke"]
[Result "1-0"]
[WhiteElo "2459"]
[BlackElo "2099"]
[EventDate "2005.09.06"]
[PlyCount "47"]

1.Nf3 d5 2.d4 Nf6 3.c4 dxc4 4.e3 e6 5.Bxc4 a6 6.a4 c5 7.O-O Nc6 8.Qe2 Qc7 
9.Rd1 Bd6 10.Nc3 O-O 11.h3 Re8 12.Bd2 Bd7 13.Rac1 Rac8 14.Bd3 Qb6 15.dxc5 
Bxc5 16.Ne4 Be7 17.Nxf6+ Bxf6 18.Bc3 Red8 19.Bxf6 gxf6 20.Rc4 Nb4 21.Bxh7+
Kxh7 22.Ne5 Be8 23.Rh4+ Kg7 24.Qg4+ 1-0

[Event "61st NED-ch"]
[Site "Leeuwarden NED"]
[Date "2005.09.08"]
[Round "3"]
[White "Ernst, Sipke"]
[Black "Van Wely, Loek"]
[Result "1/2-1/2"]
[WhiteElo "2099"]
[BlackElo "2714"]
[EventDate "2005.09.06"]
[PlyCount "66"]

1.d4 d5 2.c4 e6 3.Nf3 c6 4.Nbd2 Nf6 5.e3 a6 6.Bd3 c5 7.O-O Nc6 8.dxc5 Bxc5
9.cxd5 exd5 10.a3 O-O 11.b4 Ba7 12.Bb2 Bg4 13.h3 Bh5 14.Qc2 d4 15.exd4 
Nxd4 16.Bxd4 Bxd4 17.Nxd4 Qxd4 18.Ne4 Rac8 19.Nxf6+ Qxf6 20.Qb1 h6 21.Be4 
b5 22.a4 Rfd8 23.axb5 axb5 24.Re1 Rd2 25.Bh7+ Kh8 26.Qf5 Rcd8 27.g4 Qxf5 
28.Bxf5 Bg6 29.Re5 R2d5 30.Rxd5 Rxd5 31.Bxg6 fxg6 32.Ra8+ Kh7 33.Rb8 h5 
1/2-1/2

[Event "61st NED-ch"]
[Site "Leeuwarden NED"]
[Date "2005.09.08"]
[Round "3"]
[White "Janssen, Ruud"]
[Black "Werle, Jan"]
[Result "1-0"]
[WhiteElo "2207"]
[BlackElo "2459"]
[EventDate "2005.09.06"]
[PlyCount "53"]

1.d4 Nf6 2.c4 e6 3.Nf3 b6 4.Nc3 Bb7 5.a3 d5 6.cxd5 Nxd5 7.Bd2 Nd7 8.Nxd5 
Bxd5 9.Qc2 Bxf3 10.gxf3 c5 11.dxc5 Bxc5 12.Bc3 Qh4 13.O-O-O Rd8 14.Rg1 e5 
15.e3 O-O 16.Bb5 Qe7 17.Qf5 Bd6 18.Rxd6 Qxd6 19.Rd1 Qxd1+ 20.Kxd1 Nc5+ 21.
Ke2 f6 22.b4 Nb7 23.Bd3 g6 24.Qe6+ Kg7 25.Ba6 Rf7 26.Bxb7 Rxb7 27.f4 1-0

[Event "61st NED-ch"]
[Site "Leeuwarden NED"]
[Date "2005.09.08"]
[Round "3"]
[White "Nijboer, Friso"]
[Black "Stellwagen, Daniel"]
[Result "1/2-1/2"]
[WhiteElo "2565"]
[BlackElo "2384"]
[EventDate "2005.09.06"]
[PlyCount "82"]

1.e4 e6 2.d4 d5 3.Nc3 Nf6 4.e5 Nfd7 5.f4 c5 6.Nf3 Nc6 7.Be3 cxd4 8.Nxd4 
Bc5 9.Qd2 O-O 10.O-O-O a6 11.h4 Nxd4 12.Bxd4 b5 13.Rh3 Bb7 14.Rg3 Qc7 15.
a3 Bxd4 16.Qxd4 f6 17.exf6 Rxf6 18.Ne2 Raf8 19.Rc3 Qb8 20.Rf3 e5 21.fxe5 
Rxf3 22.gxf3 Nxe5 23.f4 Ng6 24.h5 Nxf4 25.h6 Nxe2+ 26.Bxe2 Qf4+ 27.Qxf4 
Rxf4 28.hxg7 Kxg7 29.Rg1+ Kh8 30.Bd3 d4 31.Rg5 Bf3 32.Kd2 h5 33.Rg6 h4 34.
b4 Rg4 35.Rxg4 Bxg4 36.Be4 Kg7 37.Kd3 Kf6 38.Kxd4 Kg5 39.Ke3 Bc8 40.Kf3 
Bg4+ 41.Kg2 Bc8 1/2-1/2

[Event "61st NED-ch"]
[Site "Leeuwarden NED"]
[Date "2005.09.08"]
[Round "3"]
[White "Smeets, Jan"]
[Black "Van den Doel, Erik"]
[Result "1/2-1/2"]
[WhiteElo "2312"]
[BlackElo "2583"]
[EventDate "2005.09.06"]
[PlyCount "62"]

1.e4 e5 2.Nf3 Nc6 3.d4 exd4 4.Nxd4 Nf6 5.Nxc6 bxc6 6.e5 Qe7 7.Qe2 Nd5 8.c4
Nb6 9.Nc3 Qe6 10.Qe4 Ba6 11.b3 O-O-O 12.c5 Bxf1 13.cxb6 d5 14.exd6 Qxe4+ 
15.Nxe4 Bxg2 16.bxa7 Kb7 17.Nc5+ Ka8 18.Rg1 Bd5 19.Be3 Bxd6 20.h3 Bh2 21.
Rg4 Bf3 22.Rxg7 Rd5 23.Rxf7 Bh5 24.Rd7 Bd6 25.Kf1 Rxc5 26.Bxc5 Bxc5 27.Rc1
Bxa7 28.Rxc7 Rf8 29.R1xc6 Rxf2+ 30.Ke1 Re2+ 31.Kf1 Rf2+ 1/2-1/2

[Event "61st NED-ch"]
[Site "Leeuwarden NED"]
[Date "2005.09.08"]
[Round "3"]
[White "Tiviakov, Sergei"]
[Black "l`Ami, Erwin"]
[Result "1/2-1/2"]
[WhiteElo "2599"]
[BlackElo "2344"]
[EventDate "2005.09.06"]
[PlyCount "105"]

1.e4 c6 2.d3 d5 3.Nd2 g6 4.g3 Bg7 5.Bg2 e5 6.Ngf3 Ne7 7.O-O O-O 8.b4 a5 9.
bxa5 Qxa5 10.Bb2 d4 11.a4 c5 12.Nc4 Qc7 13.c3 Be6 14.Qb3 h6 15.Rfc1 dxc3 
16.Bxc3 Nd7 17.a5 Nc6 18.Qb5 Bxc4 19.dxc4 Nd4 20.Nxd4 cxd4 21.Bb4 Rfd8 22.
c5 Bf8 23.Bf1 Rdc8 24.Bh3 Rd8 25.a6 bxa6 26.Qa4 Qa7 27.Bxd7 Qxd7 28.Qxd7 
Rxd7 29.c6 Rda7 30.Ba5 Rc8 31.Bb6 Raa8 32.Ra5 Bb4 33.Rxe5 Bc3 34.c7 a5 35.
Rd5 a4 36.Bxd4 Bxd4 37.Rxd4 a3 38.Rc2 Kf8 39.Rd1 Ke7 40.Ra1 Ra4 41.f3 Kd7 
42.Rd1+ Ke7 43.g4 Ra7 44.Ra1 Kd6 45.Rc3 Rcxc7 46.Raxa3 Rxa3 47.Rxa3 Ke5 
48.Kg2 Kf4 49.Ra2 Rc3 50.Ra7 Rc2+ 51.Kh3 Kxf3 52.Rxf7+ Kxe4 53.Rf6 1/2-1/2

[Event "61st NED-ch"]
[Site "Leeuwarden NED"]
[Date "2005.09.09"]
[Round "4"]
[White "Ernst, Sipke"]
[Black "Janssen, Ruud"]
[Result "1-0"]
[WhiteElo "2099"]
[BlackElo "2207"]
[EventDate "2005.09.06"]
[PlyCount "249"]

1.d4 d5 2.c4 c6 3.Nc3 dxc4 4.e4 b5 5.a4 b4 6.Na2 Nf6 7.e5 Nd5 8.Bxc4 e6 9.
Nf3 Be7 10.Qe2 Nb6 11.Bd3 Nxa4 12.Qe4 a5 13.Qg4 g6 14.Bc2 h5 15.Qg3 Nb6 
16.O-O Ba6 17.Re1 Bc4 18.Ng5 Rg8 19.Re4 Bd5 20.h4 Bxe4 21.Bxe4 Nd5 22.Qf3 
Bxg5 23.Bxg5 Qb6 24.Bxd5 cxd5 25.Qf6 Nc6 26.Rc1 Qd8 27.Rxc6 Qxf6 28.Bxf6 
Kd7 29.Rd6+ Kc7 30.Kf1 Rgb8 31.Ke2 a4 32.Kd2 b3 33.Nc3 a3 34.bxa3 Rxa3 35.
Bd8+ Kc8 36.Be7 Ra1 37.Rd8+ Kc7 38.Rxb8 Kxb8 39.Nd1 Ra2+ 40.Kc3 Rc2+ 41.
Kxb3 Rd2 42.Nc3 Rxf2 43.Nb5 Kc8 44.Bg5 Kd7 45.Nd6 Rxg2 46.Nxf7 Ke8 47.Nd6+
Kf8 48.Nb5 Ke8 49.Nd6+ Kf8 50.Nb7 Ke8 51.Nc5 Kf7 52.Nd3 Rg1 53.Kc3 Rg2 54.
Ne1 Ra2 55.Kd3 Ra3+ 56.Ke2 Rg3 57.Kf2 Rg4 58.Nf3 Ke8 59.Ke3 Re4+ 60.Kd3 
Rg4 61.Nd2 Rg3+ 62.Ke2 Rg2+ 63.Ke3 Rg3+ 64.Kf2 Rg4 65.Nf3 Kf7 66.Bd2 Ke8 
67.Be3 Kd7 68.Ke2 Rg2+ 69.Bf2 Rg4 70.Nh2 Re4+ 71.Kf3 Ke8 72.Nf1 Rg4 73.Nh2
Re4 74.Kg2 Ke7 75.Nf3 Rg4+ 76.Kf1 Rf4 77.Ng5 Kd7 78.Ke2 Rg4 79.Kf3 Ke7 80.
Nh3 Kd7 81.Ng5 Ke7 82.Nh7 g5 83.Nxg5 Kd7 84.Nh3 Rg8 85.Nf4 Rf8 86.Be3 Rf7 
87.Ke2 Rh7 88.Nh3 Rh8 89.Bg5 Ra8 90.Nf4 Rh8 91.Bf6 Rh7 92.Kd3 Rh6 93.Kc3 
Rh7 94.Kb4 Rh6 95.Kb5 Rh7 96.Nd3 Ke8 97.Kc6 Ra7 98.Nf4 Kf7 99.Nxh5 Ra6+ 
100.Kc5 Ra5+ 101.Kb4 Ra1 102.Nf4 Rb1+ 103.Kc3 Rf1 104.Nd3 Rf3 105.Kd2 Rg3 
106.Nc5 Ra3 107.Nb7 Kg6 108.Nd8 Kf5 109.h5 Rh3 110.Nf7 Rxh5 111.Nd6+ Kf4 
112.Kc3 Rh3+ 113.Kb4 Rd3 114.Kc5 Rc3+ 115.Kb6 Ke3 116.Nb5 Rc4 117.Be7 Ke4 
118.Bc5 Rc1 119.Kc6 Ra1 120.Kd6 Kf5 121.Ke7 Rh1 122.Nd6+ Kf4 123.Kxe6 Rh6+
124.Kxd5 Rh8 125.e6 1-0

[Event "61st NED-ch"]
[Site "Leeuwarden NED"]
[Date "2005.09.09"]
[Round "4"]
[White "l`Ami, Erwin"]
[Black "Smeets, Jan"]
[Result "1/2-1/2"]
[WhiteElo "2344"]
[BlackElo "2312"]
[EventDate "2005.09.06"]
[PlyCount "42"]

1.d4 d5 2.c4 c6 3.Nf3 Nf6 4.e3 a6 5.Nc3 Bf5 6.Qb3 Ra7 7.cxd5 cxd5 8.Bd2 e6
9.Nh4 Be4 10.f3 Bg6 11.Nxg6 hxg6 12.g4 Nc6 13.g5 Ng8 14.f4 Nge7 15.Bd3 Nf5
16.Kf2 Be7 17.Ne2 Nh4 18.Rhg1 Qd7 19.Rg3 Ra8 20.Ng1 Bd6 21.Rh3 Ke7 1/2-1/2

[Event "61st NED-ch"]
[Site "Leeuwarden NED"]
[Date "2005.09.09"]
[Round "4"]
[White "Stellwagen, Daniel"]
[Black "Tiviakov, Sergei"]
[Result "1/2-1/2"]
[WhiteElo "2384"]
[BlackElo "2599"]
[EventDate "2005.09.06"]
[PlyCount "70"]

1.e4 d5 2.exd5 Qxd5 3.Nc3 Qd6 4.d4 Nf6 5.Nf3 a6 6.Be2 e6 7.O-O Nbd7 8.Re1 
Be7 9.Bg5 O-O 10.Bd3 b5 11.a4 b4 12.Ne4 Nxe4 13.Bxe4 Rb8 14.Bxe7 Qxe7 15.
Ne5 Nxe5 16.dxe5 Rd8 17.Qh5 g6 18.Qf3 a5 19.Rad1 Bd7 20.b3 Be8 21.Qe3 c5 
22.g3 c4 23.Rxd8 Qxd8 24.Bf3 Qc7 25.Rd1 Rc8 26.Rd4 cxb3 27.cxb3 Qc3 28.Rd3
Qc2 29.Rd2 Qc5 30.Qxc5 Rxc5 31.Rd8 Kf8 32.Ra8 Ke7 33.Ra7+ Kf8 34.Ra8 Ke7 
35.Ra7+ Kf8 1/2-1/2

[Event "61st NED-ch"]
[Site "Leeuwarden NED"]
[Date "2005.09.09"]
[Round "4"]
[White "Werle, Jan"]
[Black "Nijboer, Friso"]
[Result "1/2-1/2"]
[WhiteElo "2459"]
[BlackElo "2565"]
[EventDate "2005.09.06"]
[PlyCount "121"]

1.Nf3 d6 2.d4 g6 3.c4 f5 4.Nc3 Nf6 5.g3 Bg7 6.Bg2 O-O 7.O-O Qe8 8.d5 a5 9.
Be3 Na6 10.Qd2 Ng4 11.Bf4 Nc5 12.Nd4 Bd7 13.Rac1 a4 14.h3 Ne5 15.b3 axb3 
16.axb3 Nf7 17.b4 Bxd4 18.bxc5 Bxc5 19.e4 Ne5 20.Qe2 Ra3 21.exf5 Rxf5 22.
Kh2 Qf8 23.Bxe5 Rxe5 24.Ne4 Bf5 25.Rce1 Qa8 26.Qd1 Bb4 27.Re2 Ra2 28.Re3 
Bc5 29.Nxc5 Rxe3 30.fxe3 dxc5 31.Qf3 Qe8 32.e4 Bd7 33.e5 e6 34.Qf6 b5 35.
Kg1 bxc4 36.dxe6 Bxe6 37.Rd1 Rxg2+ 38.Kxg2 Bd7 39.Qf4 Be6 40.Qg5 Qf7 41.g4
Bd5+ 42.Kg1 c6 43.Rf1 Qe8 44.Qf6 c3 45.Rc1 Qb8 46.Rf1 c4 47.Kh2 c2 48.Qf4 
c1=Q 49.Qxc1 Qxe5+ 50.Qf4 Qxf4+ 51.Rxf4 c3 52.Rf1 c2 53.Kg3 g5 54.Kf2 Kg7 
55.Ke3 Bg2 56.Rg1 Bxh3 57.Kd2 h5 58.gxh5 Kh6 59.Kxc2 Kxh5 60.Kd3 Be6 61.
Ke4 1/2-1/2

[Event "61st NED-ch"]
[Site "Leeuwarden NED"]
[Date "2005.09.12"]
[Round "5"]
[White "Janssen, Ruud"]
[Black "Van Wely, Loek"]
[Result "0-1"]
[WhiteElo "2207"]
[BlackElo "2714"]
[EventDate "2005.09.06"]
[PlyCount "66"]

1.d4 Nf6 2.c4 e6 3.Nc3 Bb4 4.e3 O-O 5.Ne2 d5 6.a3 Be7 7.cxd5 exd5 8.g3 a5 
9.Bg2 Re8 10.O-O Na6 11.h3 c6 12.g4 h5 13.g5 Nd7 14.e4 Bxg5 15.exd5 cxd5 
16.Nxd5 Nf8 17.f4 Bh4 18.f5 Nh7 19.Nec3 Nf6 20.Nxf6+ Bxf6 21.Nd5 Bd7 22.
Bf4 Bc6 23.Nxf6+ Qxf6 24.d5 Bb5 25.Rf2 Nc5 26.Bh2 Nd3 27.Rd2 Qb6+ 28.Kh1 
Nf2+ 29.Rxf2 Qxf2 30.Qxh5 Rac8 31.Rg1 Rc2 32.Qg5 f6 33.Qg6 Re1 0-1

[Event "61st NED-ch"]
[Site "Leeuwarden NED"]
[Date "2005.09.12"]
[Round "5"]
[White "Nijboer, Friso"]
[Black "Ernst, Sipke"]
[Result "0-1"]
[WhiteElo "2565"]
[BlackElo "2099"]
[EventDate "2005.09.06"]
[PlyCount "54"]

1.e4 e6 2.d4 d5 3.Nd2 c5 4.exd5 Qxd5 5.Ngf3 cxd4 6.Bc4 Qd6 7.Qe2 Nf6 8.Nb3
Nc6 9.Bg5 Qb4+ 10.Bd2 Qb6 11.O-O-O Bd7 12.Bg5 Rc8 13.Nbxd4 Be7 14.Nxc6 
Bxc6 15.Ne5 O-O 16.Nxf7 Bd5 17.Ne5 Bxc4 18.Nxc4 Qa6 19.Rd4 Rc5 20.Bd2 Qxa2
21.Bb4 Rd5 22.Qxe6+ Kh8 23.Qxe7 Rc8 24.Rxd5 Nxd5 25.Qxb7 Qxc4 26.Bc3 Nxc3 
27.bxc3 Qf4+ 0-1

[Event "61st NED-ch"]
[Site "Leeuwarden NED"]
[Date "2005.09.12"]
[Round "5"]
[White "Smeets, Jan"]
[Black "Stellwagen, Daniel"]
[Result "1/2-1/2"]
[WhiteElo "2312"]
[BlackElo "2384"]
[EventDate "2005.09.06"]
[PlyCount "62"]

1.e4 e6 2.d4 d5 3.e5 c5 4.c3 Nc6 5.Nf3 Bd7 6.Be2 Nge7 7.O-O Ng6 8.Be3 cxd4
9.cxd4 f6 10.Nc3 Be7 11.exf6 gxf6 12.Bd3 Bd6 13.Rc1 O-O 14.Nd2 f5 15.f4 
Qf6 16.Nb3 b6 17.Nb5 Bb8 18.a3 Kh8 19.Rf2 Rg8 20.Kh1 Be8 21.Nc3 Bd6 22.Nb5
Bb8 23.Nc3 Bd6 24.Ne2 Nb8 25.Nd2 Nd7 26.Nf3 Qe7 27.Ne5 Nf6 28.Rf3 Nh4 29.
Rg3 Bh5 30.Nc6 Qf7 31.Qe1 Ng4 1/2-1/2

[Event "61st NED-ch"]
[Site "Leeuwarden NED"]
[Date "2005.09.12"]
[Round "5"]
[White "Tiviakov, Sergei"]
[Black "Werle, Jan"]
[Result "1-0"]
[WhiteElo "2599"]
[BlackElo "2459"]
[EventDate "2005.09.06"]
[PlyCount "97"]

1.e4 e5 2.Bc4 Nf6 3.d3 Nc6 4.Nf3 Be7 5.O-O O-O 6.Bb3 d6 7.c3 Na5 8.Bc2 c5 
9.a3 Nc6 10.b4 a6 11.h3 Re8 12.Re1 Bf8 13.Be3 cxb4 14.axb4 b5 15.Nbd2 Bb7 
16.Bg5 h6 17.Bh4 Rc8 18.Nf1 Nb8 19.Ra3 Nbd7 20.Ne3 Qc7 21.Bb3 g6 22.Nh2 
Bg7 23.Qf3 d5 24.Nxd5 Nxd5 25.Bxd5 Bxd5 26.exd5 Qd6 27.Rea1 Nb8 28.g4 g5 
29.Bg3 Red8 30.Qe2 Qxd5 31.Rd1 Rc6 32.Nf1 Nd7 33.Ne3 Qe6 34.Nf5 Bf8 35.d4 
exd4 36.Qxe6 fxe6 37.Nxd4 Nf6 38.Rda1 Rcc8 39.Nxe6 Rd3 40.Rxa6 Rdxc3 41.
Nxg5 R3c6 42.Ne6 Bxb4 43.Rxc6 Rxc6 44.Ra8+ Kh7 45.Ra7+ Kg8 46.Nd4 Rc5 47.
Nf5 h5 48.Nh6+ Kh8 49.g5 1-0

[Event "61st NED-ch"]
[Site "Leeuwarden NED"]
[Date "2005.09.12"]
[Round "5"]
[White "Van den Doel, Erik"]
[Black "l`Ami, Erwin"]
[Result "1/2-1/2"]
[WhiteElo "2583"]
[BlackElo "2344"]
[EventDate "2005.09.06"]
[PlyCount "118"]

1.e4 e5 2.Nf3 Nc6 3.Bb5 a6 4.Ba4 Nf6 5.O-O Be7 6.Re1 b5 7.Bb3 O-O 8.h3 d6 
9.c3 Bb7 10.d4 Re8 11.Nbd2 Bf8 12.d5 Nb8 13.Nf1 Nbd7 14.N3h2 Nc5 15.Bc2 c6
16.b4 Ncd7 17.dxc6 Bxc6 18.Bg5 h6 19.Bxf6 Nxf6 20.Ng4 Nxg4 21.Qxg4 Bd7 22.
Qf3 Rc8 23.Bb3 Be6 24.Qd3 Qc7 25.Rec1 Be7 26.Rc2 Bg5 27.Bxe6 fxe6 28.a4 
Qc4 29.Qxd6 Qxe4 30.Qd1 Red8 31.Qb1 Rd3 32.axb5 axb5 33.Qa2 Qd5 34.Qa6 
Rcxc3 35.Rxc3 Rxc3 36.Ra5 Rc1 37.Qxb5 Qxb5 38.Rxb5 Re1 39.Ra5 e4 40.Ra3 
Rb1 41.b5 Rxb5 42.Ra4 Re5 43.Ne3 h5 44.Nc4 Rd5 45.Ne3 Bxe3 46.fxe3 Re5 47.
Kh2 Kf7 48.Kg3 g5 49.h4 Kf6 50.Ra8 Rd5 51.hxg5+ Rxg5+ 52.Kf2 Rb5 53.Rf8+ 
Kg5 54.Rg8+ Kh4 55.Rg6 Rf5+ 56.Kg1 e5 57.Kh2 Rg5 58.g3+ Kg4 59.Rxg5+ Kxg5 
1/2-1/2

[Event "61st NED-ch"]
[Site "Leeuwarden NED"]
[Date "2005.09.13"]
[Round "6"]
[White "Ernst, Sipke"]
[Black "Tiviakov, Sergei"]
[Result "1/2-1/2"]
[WhiteElo "2099"]
[BlackElo "2599"]
[EventDate "2005.09.06"]
[PlyCount "31"]

1.d4 Nf6 2.c4 e6 3.Nc3 Bb4 4.Qc2 c5 5.dxc5 Bxc5 6.Nf3 Qb6 7.e3 Qc7 8.b3 b6
9.Bb2 a6 10.Bd3 Bb7 11.Ne4 Be7 12.O-O Bxe4 13.Bxe4 Nc6 14.Rfd1 h6 15.Bxc6 
dxc6 16.Be5 1/2-1/2

[Event "61st NED-ch"]
[Site "Leeuwarden NED"]
[Date "2005.09.13"]
[Round "6"]
[White "Janssen, Ruud"]
[Black "Nijboer, Friso"]
[Result "1/2-1/2"]
[WhiteElo "2207"]
[BlackElo "2565"]
[EventDate "2005.09.06"]
[PlyCount "63"]

1.d4 f5 2.Nc3 Nf6 3.Bg5 d5 4.Bxf6 exf6 5.e3 Be6 6.Bd3 Qd7 7.Nce2 Nc6 8.c3 
Bd6 9.Qc2 g6 10.Nf3 Bf7 11.a3 Na5 12.b3 b6 13.O-O O-O 14.Rfd1 Qe7 15.Nd2 
Rab8 16.Nf4 c6 17.b4 Nc4 18.Nxc4 dxc4 19.Be2 Bxf4 20.exf4 Bd5 21.Re1 Rfe8 
22.Qd2 Qd6 23.Bf1 Kf8 24.g3 b5 25.Rxe8+ Rxe8 26.Re1 Rxe1 27.Qxe1 a5 28.Bg2
axb4 29.axb4 Bxg2 30.Kxg2 Kf7 31.f3 Qd7 32.Qa1 1/2-1/2

[Event "61st NED-ch"]
[Site "Leeuwarden NED"]
[Date "2005.09.13"]
[Round "6"]
[White "Stellwagen, Daniel"]
[Black "Van den Doel, Erik"]
[Result "0-1"]
[WhiteElo "2384"]
[BlackElo "2583"]
[EventDate "2005.09.06"]
[PlyCount "122"]

1.e4 e5 2.Nf3 Nc6 3.Bb5 a6 4.Ba4 Nf6 5.O-O b5 6.Bb3 Bb7 7.d3 Be7 8.Re1 O-O
9.Nbd2 d6 10.a3 Na5 11.Ba2 c5 12.Nf1 Nc6 13.c3 Bc8 14.Ne3 Be6 15.Nd5 Nb8 
16.d4 Bxd5 17.Bxd5 Nxd5 18.exd5 exd4 19.cxd4 Nd7 20.dxc5 dxc5 21.Bf4 Bf6 
22.d6 Bxb2 23.Ra2 Bf6 24.Ne5 Rc8 25.Qd5 Nb6 26.Qd1 c4 27.d7 Rc7 28.Nxf7 
Kxf7 29.Qd6 Qxd7 30.Qxc7 Qxc7 31.Bxc7 Nd5 32.Be5 Re8 33.Rae2 c3 34.Bxf6 
Rxe2 35.Rxe2 gxf6 36.Kf1 a5 37.Ke1 Nf4 38.Ra2 Ke6 39.Kd1 Kd5 40.g3 Nd3 41.
Re2 b4 42.axb4 axb4 43.Kc2 Nc5 44.Re8 Kc4 45.Rc8 b3+ 46.Kd1 Kb4 47.Rb8+ 
Ka3 48.Rc8 c2+ 49.Kd2 Ne4+ 50.Kc1 Nxf2 51.Ra8+ Kb4 52.Rb8+ Kc3 53.Rc8+ Kd4
54.Rd8+ Ke3 55.Re8+ Kf3 56.Rd8 f5 57.Rd7 h5 58.Rd8 Kg2 59.Rd2 Kg1 60.Kb2 
Nd1+ 61.Kc1 Nc3 0-1

[Event "61st NED-ch"]
[Site "Leeuwarden NED"]
[Date "2005.09.13"]
[Round "6"]
[White "Werle, Jan"]
[Black "Smeets, Jan"]
[Result "1-0"]
[WhiteElo "2459"]
[BlackElo "2312"]
[EventDate "2005.09.06"]
[PlyCount "79"]

1.Nf3 d5 2.d4 c6 3.c4 Nf6 4.Nc3 e6 5.Bg5 h6 6.Bh4 dxc4 7.e4 g5 8.Bg3 b5 9.
Be2 Bb7 10.h4 g4 11.Ne5 h5 12.O-O Nbd7 13.Qc2 Nxe5 14.Bxe5 Bg7 15.Rad1 O-O
16.f3 Nh7 17.Bxg7 Kxg7 18.fxg4 Qxh4 19.gxh5 Ng5 20.Qd2 Qg3 21.Bf3 Rad8 22.
Ne2 Qh4 23.Qc3 f6 24.g3 Qh3 25.Qe3 c5 26.d5 e5 27.Qxc5 Rf7 28.Qxb5 Rh8 29.
Qxc4 Bc8 30.Bg2 Qxh5 31.Kf2 Qh2 32.Rh1 Ba6 33.Qxa6 Nxe4+ 34.Kf1 Nxg3+ 35.
Nxg3 Qxg3 36.Rxh8 Qf4+ 37.Kg1 Qe3+ 38.Kh1 Kxh8 39.Qc8+ Kg7 40.Qh3 1-0

[Event "61st NED-ch"]
[Site "Leeuwarden NED"]
[Date "2005.09.14"]
[Round "7"]
[White "l`Ami, Erwin"]
[Black "Stellwagen, Daniel"]
[Result "1/2-1/2"]
[WhiteElo "2344"]
[BlackElo "2384"]
[EventDate "2005.09.06"]
[PlyCount "63"]

1.d4 Nf6 2.c4 g6 3.Nc3 Bg7 4.e4 d6 5.f3 O-O 6.Be3 c5 7.dxc5 dxc5 8.Qxd8 
Rxd8 9.Bxc5 Nc6 10.Nd5 Nd7 11.Nxe7+ Nxe7 12.Bxe7 Bxb2 13.Rb1 Bc3+ 14.Kd1 
Re8 15.Ne2 Bg7 16.Bh4 f5 17.exf5 Nc5 18.Ng3 Bd7 19.Be2 gxf5 20.Nh5 Ba4+ 
21.Ke1 Bc2 22.Nxg7 Kxg7 23.Rb5 Bd3 24.Rb2 Bxc4 25.Kd1 Bxe2+ 26.Rxe2 Nd3 
27.Rxe8 Rxe8 28.Bg3 Nb4 29.a3 Nc6 30.Re1 Rd8+ 31.Kc2 Kf7 32.Kc3 1/2-1/2